Central Library OPAC University of Rajshahi

Business principles, organization, and management / (Record no. 59489)

MARC details
000 -LEADER
fixed length control field 00822nam a2200265 a 4500
001 - CONTROL NUMBER
control field 59489
003 - CONTROL NUMBER IDENTIFIER
rucl marc code BD-RjUL
005 - DATE AND TIME OF LATEST TRANSACTION
control field 20211209080734.0
008 - FIXED-LENGTH DATA ELEMENTS--GENERAL INFORMATION
fixed length control field 161226s1958 enk 001 0 eng
035 ## - SYSTEM CONTROL NUMBER
System control number (BD-RjUL)59613
040 ## - CATALOGING SOURCE
Original cataloging agency DLC
Transcribing agency OC
Modifying agency BD-RjUL
Language of cataloging eng
041 ## - LANGUAGE CODE
Language code of text/sound track or separate title eng
082 ## - DEWEY DECIMAL CLASSIFICATION NUMBER
Classification number 658
Edition number 23
Author mark and year TOB 1958
100 1# - MAIN ENTRY--PERSONAL NAME
Personal name Tonne, Herbert Arthur,
Dates associated with a name 1902-
9 (RLIN) 176938
245 10 - TITLE STATEMENT
Title Business principles, organization, and management /
Statement of responsibility, etc. [by] Herbert A. Tonne, Sidney I. Simon [and] Esby C. McGill.
260 ## - PUBLICATION, DISTRIBUTION, ETC. (IMPRINT)
Place of publication, distribution, etc. New York :
Name of publisher, distributor, etc. Gregg Pub. Division,
Date of publication, distribution, etc. c1958
300 ## - PHYSICAL DESCRIPTION
Pagination 504 p. :
Illustrations ill. ;
Size 24 cm.
500 ## - GENERAL NOTE
General note Include index
650 #0 - SUBJECT ADDED ENTRY--TOPICAL TERM
Topical term or geographic name as entry element Business.
9 (RLIN) 175150
Topical term or geographic name as entry element Industrial management
9 (RLIN) 231781
700 ## - ADDED ENTRY--PERSONAL NAME
Personal name Simon Sidney I.
Personal name McGill.Esby C.
942 ## - ADDED ENTRY ELEMENTS (KOHA)
Source of classification or shelving scheme Dewey Decimal Classification
Koha item type Books
Holdings
Lost status Source of classification or shelving scheme Damaged status Not for loan Collection code Permanent Location Current Location Shelving location Date acquired Source of acquisition Cost, normal purchase price Total Checkouts Full call number Date last seen Copy number Koha item type
  Dewey Decimal Classification   Not For Loan Non-fiction Central Library, University of Rajshahi Central Library, University of Rajshahi Reading Room 03/12/1962 Zeitlinger 38.06   658 TOB 1958 26/12/2016 C-1 Books
  Dewey Decimal Classification     Non-fiction Central Library, University of Rajshahi Central Library, University of Rajshahi   03/12/1962 Zeitlinger 38.60   658 TOB 1958 19/05/2019 C-2 Books